Statistics for Ed Helms Filmography

Click here to take the quiz!

General Stats

  • This quiz has been taken 19 times
    (8 since last reset)
  • The average score is 5 of 69

Answer Stats

Type Year Name % Correct
TV Show2006-2013The Office
71%
Film2012The Lorax
57%
Film2009The Hangover
43%
Film2013The Hangover Part III
43%
Film2011The Hangover Part II
43%
Film2017Father Figures
29%
Film2015Vacation
29%
TV Show2011, 2013Saturday Night Live
29%
Film2018Tag
14%
Film2017Captain Underpants: The First Epic Movie
14%
Film2013We're the Millers
14%
TV Show2011Wilfred
14%
Film2009Monsters vs. Aliens
14%
TV Show2002-2009The Daily Show
14%
Film2008Semi-Pro
14%
Film2020Coffee & Kareem
14%
Music Video2016Don't Wanna Know
0%
Film2014Mune: Guardian of the Moon
0%
TV Show2014Brooklyn Nine-Nine
0%
Film2006Everyone's Hero
0%
Film2015Love the Coopers
0%
TV Show2015BoJack Horseman
0%
TV Show2015Jake and Amir
0%
TV Show2015the muppets.
0%
TV Show2015Running Wild with Bear Grylls
0%
Concert Film2016Kevin Hart: What Now?
0%
TV Show2016Drunk History
0%
TV Show2005Sunday Pants
0%
Film2017The Clapper
0%
Film2014They Came Together
0%
Film2017I Do... Until I Don't
0%
Film2017Chappaquiddick
0%
TV Show2004, 2013Arrested Development
0%
TV Show2017Angie Tribeca
0%
TV Special2017The Fake News with Ted Nelms
0%
Music Video2017Wanna Do Day
0%
Film2018A Futile and Stupid Gesture
0%
TV Show2004Cheap Seats without Ron Parker
0%
Film2019Corporate Animals
0%
Documentary2019Penguins
0%
Film2014Stretch
0%
Film2008Harold & Kumar Escape from Guantanamo Bay
0%
Film2014Someone Marry Barry
0%
Film2007Walk Hard: The Dewey Cox Story
0%
TV Show2008Upright Citizens Brigade
0%
Web Series2008Wainy Days
0%
TV Show2008Children's Hospital
0%
Film2009Confessions of a Shopaholic
0%
Film2009The Smell of Success
0%
Film2008Meet Dave
0%
Film2009Night at the Museum: Battle of the Smithsonian
0%
Film2009The Goods: Live Hard, Sell Hard
0%
TV Show2009Family Guy
0%
TV Show2010Funny or Die Presents
0%
Film2011Cedar Rapids
0%
Film2011Jeff, Who Lives at Home
0%
Film2008Lower Learning
0%
Film2011High Road
0%
Film2007Evan Almighty
0%
TV Mini-Series2006Samurai Love God
0%
TV Show2011NTSF:SD:SUV::
0%
Film2004Blackballed: The Bobby Dukes Story
0%
TV Show2012The Mindy Project
0%
TV Show2012Ugly Americans
0%
TV Show2012Comedy Bang! Bang!
0%
TV Show2006The Colbert Report
0%
Film2006I'll Believe You
0%
TV Show2013Kroll Show
0%
Music Video2013Hopeless Wanderer
0%

Score Distribution

Percentile by Number Answered

Percent of People with Each Score

Your Score History

You have not taken this quiz since the last reset